| 000 | 00420cam a2200169ua 4500 | ||
|---|---|---|---|
| 041 |
_aeng _h |
||
| 082 |
_a828.09 _bDOR/YE |
||
| 100 | _aDorsch, T S . | ||
| 245 |
_aYears work in English studies vol-XLV / _cT S Dorsch. _hTextual Documents |
||
| 250 |
_a1 / _b. |
||
| 260 |
_aLondon : _bJohn Murray , _c1964. |
||
| 300 | _a423 ; . | ||
| 504 | _a | ||
| 700 | 1 | _aHarlow, C G . | |
| 942 | _cBK | ||
| 999 |
_c6817 _d6817 |
||